| 000 | 00999cam a22002891a 4500 | ||
|---|---|---|---|
| 001 | 3935 | ||
| 003 | BD-RjUL | ||
| 005 | 20211208233814.0 | ||
| 008 | 131221m19511946enk b 001 0 eng | ||
| 035 | _a(BD-RjUL)3969 | ||
| 035 | _a(OCoLC)1904190 | ||
| 040 |
_aDLC _cOTU-L _dMoSU-L _dOCoC-L _dOCoLC _dDLC _dBD-RjUL _beng |
||
| 041 | 1 |
_aeng _hlat |
|
| 082 | 0 | 4 |
_218 _a349.944 _bZUI 1951 |
| 100 | 0 |
_aZulueta, Francis de. _912540 |
|
| 245 | 1 | 4 |
_aThe institutes of Gaius : _cby Francis de Zulueta. _nPart I _ptext with critical notes and translation / |
| 260 |
_aOxford ; _aNew York : _bClarendon Press, _c1946 [Reprinted 1951]. |
||
| 300 |
_a2 v. ; _c23 cm. |
||
| 504 | _aIncludes bibliographies and indexes. | ||
| 505 | 0 | _apt. 1. Text with critical notes and translation -- pt. 2. Commentary. | |
| 650 | 0 |
_aRoman law _xSources. _912541 |
|
| 700 | 1 |
_aDe Zulueta, Francis, _d1878-1958. _912542 |
|
| 942 |
_2ddc _cBK |
||
| 999 |
_c3935 _d3935 |
||